Handbook of Longitudal Research Methods in Organisation and Business Studies (Record no. 5410)

MARC details
005 - DATE AND TIME OF LATEST TRANSACTION
control field 20250626145135.0
020 ## - INTERNATIONAL STANDARD BOOK NUMBER
International Standard Book Number 978-1-78254-782-2
082 ## - DEWEY DECIMAL CLASSIFICATION NUMBER
Classification number 658.00 HAS
245 ## - TITLE STATEMENT
Title Handbook of Longitudal Research Methods in Organisation and Business Studies
260 ## - PUBLICATION, DISTRIBUTION, ETC.
Place of publication, distribution, etc. London
Name of publisher, distributor, etc. Edward Elgar Publishing Limited
Date of publication, distribution, etc. 2013.
300 ## - PHYSICAL DESCRIPTION
Extent xi,362p.: ill.; figures
Other physical details Index
Dimensions 23cm
700 ## - ADDED ENTRY--PERSONAL NAME
Other authors/Editors Melanie E. Hassett
700 ## - ADDED ENTRY--PERSONAL NAME
Other authors/Editors Eriikka Paavilainen- Maantymaki
942 ## - ADDED ENTRY ELEMENTS (KOHA)
Source of classification or shelving scheme Dewey Decimal Classification
Koha item type Books
Holdings
Date last seen Total checkouts Full call number Barcode Price effective from Koha item type Lost status Source of classification or shelving scheme Damaged status Not for loan Withdrawn status Home library Current library Shelving location Date acquired Source of acquisition
06/26/2025   658.00 HAS MZA0002317 06/26/2025 Books   Dewey Decimal Classification       CBE Mwanza CBE Mwanza General Collection 06/13/2022 Donation from TLSB